000 00607nam a2200205Ia 4500
005 20250923145027.0
008 008 250917s9999 xx 000 0 eng d
037 _aTextual
040 _aDSWL
_beng
_cDSWL
041 _aeng
_2eng
084 _aZ2(X:954), N64
_qDSWL
100 _aKumar, H.L.
_9831026
245 0 _aEmployers guide for dismissal , discharge retrenchment
_cby H.L. Kumar
260 _aDelhi
_bUniversity Book House
_c1964
300 _axxx,603 p.
365 _aINR
_b8.50
925 _g8.50
942 _cTEXL
_hZ2(X:954), N64
999 _c1446214
_d1446214